00707nam a2200205 a 450000100100000000500170001000800410002701000130006802000150008104000180009605000260011410000380014024501500017825000110032826000290033930000210036849000280038970000380041783000460045500001813420200929165353.0930513s1992 ec 000 0 spa d a93153355 a9978801561 aDO-SdBNPcDLC00aPQ8219.B416bA88 19922 aBenites Vinueza, Leopoldo,d1905-10aArgonautas de la selva :blos descubridores del Amazonas /cLeopoldo Benites Vinueza ; estudio introductorio y notas de Oswaldo Encalada Vasquez. a1. ed. aQuito :bLibresa,c1992. a382 p. ;c20 cm.1 aColeccion Antares ;v782 aEncalada Vasquez, Oswaldo,d1955- 0aColeccion Antares (Quito, Ecuador) ;v78.